000 00415nam a2200169Ia 4500
001 7483
003 IN-NITTTR
005 20251114233028.0
008 251113s9999||||xx |||||||||||||| ||eng||
040 _beng
040 _cIN-NITTTR
041 _aeng
082 _a621.184P
100 _aShields, John Potter
245 0 _aBOILER :
_b Types, characterstics and function /
_cShields, John Potter
942 _2ddc
_cBK
999 _c10121
_d10121